Сотрудничество ОДУ Сибири и Энергетического института ТПУ в подготовке специалистов-электроэнергетиков; Томский политехник; Вып. 16

Bibliografske podrobnosti
Parent link:Томский политехник: ежегодный журнал/ Томский политехнический университет (ТПУ), Ассоциация выпускников.— , 1995-
Вып. 16.— 2010.— [С. 40-42]
Drugi avtorji: Лапин В. И., Кобытев М. И., Боровиков Ю. С. Юрий Сергеевич, Вайнштейн Р. А. Роберт Александрович
Izvleček:Заглавие с титульного листа
Электронная версия печатной публикации
Jezik:ruščina
angleščina
Izdano: 2010
Serija:Уровневая подготовка специалистов
Teme:
Online dostop:http://www.lib.tpu.ru/fulltext/v/Tomsk_polytechnic/2010/N16a7.pdf
Format: MixedMaterials Elektronski Book Chapter
KOHA link:https://koha.lib.tpu.ru/cgi-bin/koha/opac-detail.pl?biblionumber=207515

MARC

LEADER 00000nla2a2200000 4500
001 207515
005 20231218163240.0
035 |a (RuTPU)RU\TPU\book\226379 
035 |a RU\TPU\book\226374 
090 |a 207515 
100 |a 20120125d2010 km y0rusy50 ca 
101 0 |a rus  |a eng 
102 |a RU 
135 |a drnn ---uucaa 
181 0 |a i  
182 0 |a b 
200 1 |a Сотрудничество ОДУ Сибири и Энергетического института ТПУ в подготовке специалистов-электроэнергетиков  |d Cooperation of JDO of Siberia and TPU institute of power engineering in training professional electric power engineers  |f В. И. Лапин [и др.] 
203 |a Текст  |c электронный 
215 |a 1 файл (1.8 Мб) 
225 1 |a Уровневая подготовка специалистов 
300 |a Заглавие с титульного листа 
300 |a Электронная версия печатной публикации 
337 |a Adobe Reader 
461 1 |0 (RuTPU)RU\TPU\book\202435  |t Томский политехник  |o ежегодный журнал  |f Томский политехнический университет (ТПУ), Ассоциация выпускников  |d 1995- 
463 1 |0 (RuTPU)RU\TPU\book\224220  |t Вып. 16  |v [С. 40-42]  |d 2010  |p 102 с. 
510 1 |a Cooperation of JDO of Siberia and TPU institute of power engineering in training professional electric power engineers  |z eng 
601 0 2 |a Национальный исследовательский Томский политехнический университет (ТПУ)  |c (2009- )  |2 stltpush  |3 (RuTPU)RU\TPU\col\15902  |b Энергетический институт (ЭНИН) 
610 1 |a уровневая подготовка 
610 1 |a уровневая система 
610 1 |a специалисты 
610 1 |a высшее образование 
610 1 |a электроэнергетики 
610 1 |a сотрудничество 
610 1 |a труды учёных ТПУ 
610 1 |a электронный ресурс 
610 1 |a Объединенное Диспетчерское Управление Энергосистемами Сибири 
701 1 |a Лапин  |b В. И. 
701 1 |a Кобытев  |b М. И. 
701 1 |a Боровиков  |b Ю. С.  |c специалист в области электроэнергетики  |c профессор Томского политехнического университета, кандидат технических наук  |f 1978-  |g Юрий Сергеевич  |3 (RuTPU)RU\TPU\pers\27067  |9 12617 
701 1 |a Вайнштейн  |b Р. А.  |c специалист в области электроэнергетики  |c профессор Томского политехнического университета, доктор технических наук  |f 1937-  |g Роберт Александрович  |3 (RuTPU)RU\TPU\pers\26489  |9 12191 
801 1 |a RU  |b 63413507  |c 20101101 
801 2 |a RU  |b 63413507  |c 20140508  |g RCR 
856 4 |u http://www.lib.tpu.ru/fulltext/v/Tomsk_polytechnic/2010/N16a7.pdf 
942 |c CF